Precario. Aspectos legales y doctrinarios.

Zapisane w:
Opis bibliograficzny
1. autor: Talep Pardo, Francisco Javier (autor)
Format: Nieznany
Wydane: Santiago, Chile: Metropolitana, 2020.
Hasła przedmiotowe:
Etykiety: Dodaj etykietę
Nie ma etykietki, Dołącz pierwszą etykiete!

MARC

LEADER 00000 a2200000 4500
003 CL-VaPUC
005 20221129104934.0
008 221121t2020 ||||| |||| 00| 0 eng d
999 |c 439284  |d 439282 
020 |a 978-956-286-280-6 
040 |c Pontificia Universidad Católica de Valparaíso 
082 |2 22   |a 346.8302 TAL 2020  
100 |a Talep Pardo, Francisco Javier   |9 878309  |e autor 
245 |a Precario.   |b Aspectos legales y doctrinarios. 
260 |a Santiago, Chile:  |b Metropolitana,  |c 2020. 
300 |a 156 páginas. 
583 |k GC  |c 20221121 
650 0 |9 878698  |a Apropiación ilícita   |x Bienes   |x Derecho   |z Chile  
650 0 |9 566353  |a Precario   |x Alcance   |x Aspectos jurídicos   |z Chile  
650 0 |9 385678  |a Comodato precario   |x Derecho comparado   |z Chile  
650 0 |9 255153  |a Contratos  |x Propiedad   |x Bienes   |z Chile  
942 |2 ddc  |c BK 
952 |0 0  |1 0  |2 ddc  |4 0  |6 346_830200000000000_TAL_2020  |7 0  |8 A  |9 587829  |a BIBDER  |b BIBDER  |c GEN  |d 2022-11-18  |e 22  |g 24900.00  |i 5655696  |l 2  |o 346.8302 TAL 2020  |p 5655696  |r 2024-12-13  |s 2024-12-13  |t 1  |v 24900.00  |w 2022-11-18  |y BK  |k DER